Evaluación de la gestión del área de capacitación : caso de estudio: Cooperativa Obrera /

Guardado en:
Otros Autores: Orazi, Gastón. (Disertante), Rivera, Claudia. (Orientador)
Formato: Manuscrito
Idioma:Spanish
Publicado: 2004.
Materias:
Etiquetas: Agregar Etiqueta
Sin Etiquetas, Sea el primero en etiquetar este registro!
LEADER 01012ntm a22002415a 4500
001 EAD.ead001609
008 081029s2004####ag#a#####bm###000#0#spa#d
005 20250317204735.0
245 1 0 |a Evaluación de la gestión del área de capacitación :  |b caso de estudio: Cooperativa Obrera /  |c Gastón Orazi. 
260 |c 2004. 
300 |a 101 h. :  |b il. ;  |c 30 cm. 
502 |a Tesis (licenciatura)--Universidad Nacional del Sur. Departamento de Ciencias de la Administración, 2008. 
500 |a Director de tesis: Claudia Rivera. 
504 |a Incluye referencias bibliográficas. 
530 |a También disponible en formato digital. 
100 1 |a Orazi, Gastón.  |4 dis 
700 1 |a Rivera, Claudia.  |4 ths 
710 2 |a Universidad Nacional del Sur.  |b Departamento de Ciencias de la Administración  |4 dgg. 
082 0 4 |a 658.3124  |2 21 
650 7 |a Formación profesional.  |2 unbist 
650 7 |a Estudios de casos.  |2 unbist 
653 |a Tesis digitales 
859 |a AR-BaBDC  |b BIB. ADMINISTRACION - Tesis  |h 658.3124  |i Or1  |k T  |p b04938